[Event "Philidor "]
[Site "SchemingMind.com"]
[Date "2015.04.29"]
[Round "-"]
[White "fouche"]
[Black "Scooter"]
[Result "0-1"]
[WhiteCountry "COL"]
[BlackCountry "USA"]
[WhiteElo "1542"]
[WhiteRD "62"]
[BlackElo "1726"]
[BlackRD "46"]
[GameID "379046"]

1. d4 Nf6 2. Nf3 g6 3. e3 Bg7 4. Bd3 O-O 5. O-O b6 6. Re1 Bb7 7. Nbd2 d6 8. e4 Nbd7 9. c4 e5 10. d5 c6
11. b4 cxd5 12. cxd5 a6 13. a4 Rc8 14. Bb2 Re8 15. Rc1 Rxc1 16. Qxc1 Bh6 17. h3 Qc8 18. Qb1 Bxd2 19. Nxd2 a5 20. Rc1 Qa8
21. bxa5 Qxa5 22. Bb5 Qxd2 23. Rc7 Rc8 24. Rxc8+ Bxc8 25. Ba3 Nc5 26. Bxc5 bxc5 27. Bd3 Qb4 28. Qxb4 cxb4 29. a5 Nd7 30. a6 b3
31. a7 Bb7 32. f3 Nc5 33. Bb1 Na4 34. Kf2 Nc3 35. Bd3 b2 36. Ke3 b1=Q 37. Bxb1 Nxb1 38. f4 Na3 39. fxe5 dxe5 40. d6 Kf8
41. Kf3 Nb5 42. d7 Ke7
0-1

[Event "Philidor "]
[Site "SchemingMind.com"]
[Date "2015.04.29"]
[Round "-"]
[White "Scooter"]
[Black "fouche"]
[Result "1/2-1/2"]
[WhiteCountry "USA"]
[BlackCountry "COL"]
[WhiteElo "1726"]
[WhiteRD "46"]
[BlackElo "1542"]
[BlackRD "62"]
[GameID "379047"]

1. d4 e6 2. Nf3 f5 3. Bg5 Nf6 4. e3 Be7 5. Be2 O-O 6. O-O d6 7. Nbd2 c6 8. c4 Na6 9. a3 Nc7 10. b4 h6
11. Bxf6 Bxf6 12. Rc1 Bd7 13. c5 d5 14. a4 Ne8 15. b5 Be7 16. Ne5 Nf6 17. Ng6 Rf7 18. h3 Ne4 19. Bh5 Bf6 20. Nxe4 fxe4
21. Ne5 Bxe5 22. Bxf7+ Kxf7 23. dxe5 Kg8 24. Rb1 Qe7 25. Qd4 Kh8 26. Rfd1 Rf8 27. bxc6 Bxc6 28. a5 Qc7 29. Rb2 a6 30. Rb6 Qf7
31. Rd2 Qh5 32. Rdb2 Rf5 33. g4 Rg5 34. Kg2 Qf7 35. Rb1 Qf3+ 36. Kh2 Qxf2+ 37. Kh1 Qf3+ 38. Kh2 Qf2+ 39. Kh1 Qf3+ 40. Kh2 Qf2+
1/2-1/2

[Event "Philidor "]
[Site "SchemingMind.com"]
[Date "2015.04.29"]
[Round "-"]
[White "fouche"]
[Black "kenneth m day"]
[Result "0-1"]
[WhiteCountry "COL"]
[BlackCountry "USA"]
[WhiteElo "1545"]
[WhiteRD "60"]
[BlackElo "1769"]
[BlackRD "52"]
[GameID "379063"]

1. f4 e5 2. fxe5 d6 3. e4 dxe5 4. Nf3 Nc6 5. Bc4 Bg4 6. O-O Nf6 7. h3 Bh5 8. Nc3 Nd4 9. d3 Bc5 10. Qd2 Nxf3+
0-1

[Event "Philidor "]
[Site "SchemingMind.com"]
[Date "2015.04.29"]
[Round "-"]
[White "kenneth m day"]
[Black "fouche"]
[Result "1-0"]
[WhiteCountry "USA"]
[BlackCountry "COL"]
[WhiteElo "1692"]
[WhiteRD "52"]
[BlackElo "1596"]
[BlackRD "62"]
[GameID "379064"]

1. e4 d6 2. d4 e5 3. dxe5 dxe5 4. Qxd8+ Kxd8 5. Nf3 f6 6. Nc3 Bb4 7. Bd2 Be6 8. O-O-O Ke7 9. Nd5+ Bxd5 10. Bxb4+ Kf7
11. Rxd5 Ne7 12. Rd2 Nbc6 13. Bc4+ Kg6 14. Bc3 Rhd8 15. Rhd1 Rxd2 16. Rxd2 Rd8 17. Nh4+ Kh5 18. g3 g5 19. Bf7+ Kg4 20. f3+ Kh3
21. Be6+ f5 22. Nxf5 Rxd2 23. Bxd2 Kxh2 24. Nxe7 Nxe7 25. Bxg5 Nc6 26. Bh4 Kg2 27. f4 exf4 28. gxf4 Kf3 29. f5 Kxe4 30. f6
1-0

[Event "Philidor "]
[Site "SchemingMind.com"]
[Date "2015.04.27"]
[Round "-"]
[White "Scooter"]
[Black "kenneth m day"]
[Result "1/2-1/2"]
[WhiteCountry "USA"]
[BlackCountry "USA"]
[WhiteElo "1712"]
[WhiteRD "45"]
[BlackElo "1692"]
[BlackRD "52"]
[GameID "379065"]

1. d4 d6 2. Nf3 Nf6 3. Bf4 g6 4. e3 Bg7 5. h3 O-O 6. Be2 b6 7. O-O Bb7 8. Nbd2 Nbd7 9. Rc1 c5 10. c3 Rc8
11. Bd3 Re8 12. Re1 Nh5 13. Bh2 e5 14. dxe5 dxe5 15. Be4 Bxe4 16. Nxe4 Rc6 17. Nd6 Re6 18. Nc4 Qe7 19. Qc2 b5 20. Ncd2 Nhf6
21. Ne4 Nxe4 22. Qxe4 Nf6 23. Qc2 e4 24. Nd2 Rc8 25. Rcd1 Nd7 26. c4 b4 27. b3 f5 28. Nb1 Ne5 29. Rd5 Nd3 30. Rd1 a6
31. a3 a5 32. a4 Rd8 33. Rxd8+ Qxd8 34. Nd2 Bc3 35. Nf1 Qg5 36. Nd2 Re8 37. Nb1 Bg7 38. Nd2 Qh4 39. Nf3 Qe7 40. Ne1 Nxe1
41. Rxe1 Rd8 42. Rd1 Bc3 43. Rxd8+ Qxd8 44. Kf1 Kf7 45. Ke2 Ke6 46. Qd1 Qxd1+=
1/2-1/2

[Event "Philidor "]
[Site "SchemingMind.com"]
[Date "2015.04.27"]
[Round "-"]
[White "kenneth m day"]
[Black "Scooter"]
[Result "1-0"]
[WhiteCountry "USA"]
[BlackCountry "USA"]
[WhiteElo "1662"]
[WhiteRD "51"]
[BlackElo "1713"]
[BlackRD "49"]
[GameID "379066"]

1. e4 c6 2. d4 d5 3. Nc3 dxe4 4. Nxe4 Bf5 5. Ng3 Bg6 6. Nf3 Nd7 7. h4 h6 8. Bf4 Ngf6 9. Bd3 Bxd3 10. Qxd3 Nd5
11. Bd2 Qc7 12. c4 Nf4 13. Qf5 Nxg2+ 14. Kf1 e6 15. Qg4 Nf6 16. Qh3 Nf4 17. Bxf4 Qxf4 18. Ne2 Qg4 19. Qxg4 Nxg4 20. Rg1 h5
21. Ng5 Be7 22. Nf3 O-O-O 23. Kg2 f6 24. Rad1 Rd7 25. Nf4 e5 26. dxe5 Rxd1 27. Rxd1 Nxe5 28. b3 Nxf3 29. Kxf3 Rd8 30. Rxd8+ Kxd8
31. Ne6+ Ke8 32. Nxg7+ Kf7 33. Nxh5 Kg6 34. Nf4+ Kh6 35. Kg3 Bd6 36. Kg4 Be7 37. Kf5 Bd6 38. Ng6 Bc5 39. f3 Bd4 40. Nf4 Bc3
41. Kg4 Be5 42. Ne6 c5 43. Nxc5 b6 44. Nd7 Bd4 45. Nf8 a5 46. Ne6 Bc3 47. Nf4 Be1 48. h5 Bc3 49. Kf5 Bd4 50. Nd5 Kxh5
51. Nxf6+ Kh6 52. f4 Kg7 53. Nd5 Kf7 54. Kg5
1-0

[Event "Philidor "]
[Site "SchemingMind.com"]
[Date "2015.05.04"]
[Round "-"]
[White "fouche"]
[Black "jerryface"]
[Result "1-0"]
[WhiteCountry "COL"]
[BlackCountry "USA"]
[WhiteElo "1596"]
[WhiteRD "62"]
[BlackElo "1512"]
[BlackRD "72"]
[GameID "379434"]

1. e4 Nc6 2. Nc3 e5 3. d3 Bb4 4. Bd2 Nf6 5. f4 O-O 6. Nf3 d6 7. Be2 Nd7 8. O-O Ne7 9. fxe5 Nxe5 10. d4 Nxf3+
11. Bxf3 Bxc3 12. Bxc3 b6 13. Qe2 a5 14. Rae1 Ba6 15. Qe3 Bxf1 16. Rxf1 Ra7 17. Rd1 f5 18. e5 d5 19. Be1 Qd7 20. b3 f4
21. Qe2 Qe6 22. c4 dxc4 23. bxc4 g6 24. d5 Qf7 25. Bc3 Qg7 26. d6 cxd6 27. exd6 Nf5 28. Bxg7 Nxg7 29. d7 Rd8 30. Bd5+ Kf8
31. Be6 Nxe6 32. Qxe6 Rb7 33. Qf6+
1-0

[Event "Philidor "]
[Site "SchemingMind.com"]
[Date "2015.05.05"]
[Round "-"]
[White "jerryface"]
[Black "fouche"]
[Result "0-1"]
[WhiteCountry "USA"]
[BlackCountry "COL"]
[WhiteElo "1512"]
[WhiteRD "72"]
[BlackElo "1596"]
[BlackRD "62"]
[GameID "379435"]

1. e4 e6 2. Nf3 d5 3. exd5 exd5 4. d4 Nf6 5. Bd3 Bd6 6. O-O Bg4 7. Re1+ Be7 8. Bg5 O-O 9. Nc3 c6 10. h3 Bh5
11. g4 Bg6 12. Ne2 Nbd7 13. Nf4 Bd6 14. Nxg6 hxg6 15. h4 Re8 16. Qd2 Qc7 17. Rxe8+ Rxe8 18. Bxf6 Nxf6 19. Qg5 Ne4 20. Bxe4 dxe4
21. Nd2 c5 22. d5 Bf4 23. Qxf4 Qxf4 24. Nb3 Qxg4+ 25. Kf1 e3 26. Re1 Qh3+ 27. Kg1 Re4
0-1

[Event "Philidor "]
[Site "SchemingMind.com"]
[Date "2015.05.04"]
[Round "-"]
[White "Scooter"]
[Black "jerryface"]
[Result "1-0"]
[WhiteCountry "USA"]
[BlackCountry "USA"]
[WhiteElo "1712"]
[WhiteRD "45"]
[BlackElo "1512"]
[BlackRD "72"]
[GameID "379436"]

1. d4 Nf6 2. Nf3 g6 3. Bf4 Bg7 4. e3 O-O 5. Be2 d6 6. O-O Bf5 7. Nbd2 e5 8. dxe5 dxe5 9. Bxe5 Nc6 10. c3 Nxe5
11. Nxe5 Re8 12. Nef3 Ne4 13. Nd4 Nxd2 14. Qxd2 c5 15. Nf3 Bg4 16. Rad1 Qb6 17. h3 Be6 18. b3 Rac8 19. c4 Bf6 20. Qc2 Bf5
21. Bd3 Bxd3 22. Rxd3 Qa6 23. Rfd1 Qc6 24. Rd6 Qc7 25. Rxf6 b6 26. Ng5 Re7 27. Qe2 Qe5 28. Qg4 Rce8 29. Rfd6
1-0

[Event "Philidor "]
[Site "SchemingMind.com"]
[Date "2015.05.04"]
[Round "-"]
[White "jerryface"]
[Black "Scooter"]
[Result "1-0"]
[WhiteCountry "USA"]
[BlackCountry "USA"]
[WhiteElo "1644"]
[WhiteRD "84"]
[BlackElo "1726"]
[BlackRD "46"]
[GameID "379437"]

1. e4 c6 2. Nf3 d5 3. e5 Bg4 4. Be2 e6 5. c4 Nd7 6. Qb3 Bxf3 7. Bxf3 dxc4 8. Qxb7 Nxe5 9. Bxc6+ Nxc6 10. Qxc6+ Ke7
11. d3 cxd3 12. Bf4 Nf6 13. O-O Ne8 14. Nc3 Rc8 15. Qa6 Qd7 16. Rfd1 Rd8 17. Ne4 f5 18. Bg5+ Nf6 19. Bxf6+ gxf6 20. Nc5 Qc7
21. Qxe6#
1-0

[Event "Philidor "]
[Site "SchemingMind.com"]
[Date "2015.05.05"]
[Round "-"]
[White "kenneth m day"]
[Black "jerryface"]
[Result "1-0"]
[WhiteCountry "USA"]
[BlackCountry "USA"]
[WhiteElo "1662"]
[WhiteRD "51"]
[BlackElo "1451"]
[BlackRD "70"]
[GameID "379438"]

1. e4 e5 2. f4 exf4 3. Nf3 g5 4. Nc3 g4 5. Bc4 gxf3 6. Qxf3 Bd6 7. Qh5 Qe7 8. d3 Nf6 9. Qe2 Bb4 10. Bd2 Kd8
11. O-O-O Bxc3 12. Bxc3 d5 13. Bxf6 Qxf6 14. Bxd5 Nd7 15. Rdf1 Ne5 16. h3 c6 17. Bb3 Rg8 18. Rf2 Be6 19. Bxe6 fxe6 20. Rhf1 Ng6
21. g3 Kc7 22. gxf4 Ne7 23. Qh5 Rh8 24. Qc5 b6 25. Qe3 Qh6 26. d4
1-0

[Event "Philidor "]
[Site "SchemingMind.com"]
[Date "2015.05.04"]
[Round "-"]
[White "jerryface"]
[Black "kenneth m day"]
[Result "0-1"]
[WhiteCountry "USA"]
[BlackCountry "USA"]
[WhiteElo "1572"]
[WhiteRD "87"]
[BlackElo "1769"]
[BlackRD "52"]
[GameID "379439"]

1. e4 e5 2. Nf3 Nc6 3. Bb5 f5 4. Bxc6 dxc6 5. Nxe5 Nf6 6. O-O Bd6 7. Nc4 fxe4 8. Nc3 O-O 9. Re1 Bc5 10. Nxe4 Bg4
11. Nxf6+ Qxf6
0-1

[Event "Philidor "]
[Site "SchemingMind.com"]
[Date "2015.05.12"]
[Round "-"]
[White "fouche"]
[Black "emvarela"]
[Result "0-1"]
[WhiteCountry "COL"]
[BlackCountry "ARG"]
[WhiteElo "1625"]
[WhiteRD "60"]
[BlackElo "1741"]
[BlackRD "50"]
[GameID "379687"]

1. d4 Nf6 2. Nf3 d5 3. e3 e6 4. Bd3 c5 5. c3 c4 6. Bc2 Nc6 7. O-O h6 8. Nbd2 b5 9. e4 dxe4 10. Nxe4 Nxe4
11. Bxe4 Bd7 12. Be3 a5 13. Ne5 Rc8 14. Rc1 Nxe5 15. dxe5 Bc5 16. Qe2 Bxe3 17. Qxe3 Bc6 18. Rfd1 Qc7 19. Rd6 Bxe4 20. Qxe4 O-O
21. Rcd1 Rfd8 22. h3 Rxd6 23. exd6 Qd7 24. Kh1 Rc6 25. Qe5 Rb6 26. Qc5 Rb8 27. Qc7 Qd8 28. g3 a4 29. Kg2 Kf8 30. h4 Rc8
31. Qb7 Rb8 32. Qe4 g6 33. Kh3 Qd7 34. g4 Kg7 35. Qe5+ Kh7 36. f4 Qc6 37. Kg3 Rd8 38. h5 gxh5 39. g5 hxg5 40. fxg5 Qb6
41. Kh4 Qf2+ 42. Qg3 Qxg3+ 43. Kxg3 Kg6 44. Kf4 f6 45. gxf6 Kxf6 46. Rd2 h4 47. Kg4 e5 48. Kxh4 Ke6 49. Kg4 Rxd6 50. Re2 Rd3
51. Rc2 Kd5 52. b3 axb3 53. axb3 cxb3 54. Rb2 Rxc3
0-1

[Event "Philidor "]
[Site "SchemingMind.com"]
[Date "2015.05.15"]
[Round "-"]
[White "emvarela"]
[Black "fouche"]
[Result "1/2-1/2"]
[WhiteCountry "ARG"]
[BlackCountry "COL"]
[WhiteElo "1741"]
[WhiteRD "50"]
[BlackElo "1625"]
[BlackRD "60"]
[GameID "379688"]

1. e4 c6 2. d4 d5 3. Nc3 dxe4 4. Nxe4 Bf5 5. Ng3 Bg6 6. Nf3 Nd7 7. h4 h6 8. h5 Bh7 9. Bd3 Bxd3 10. Qxd3 Ngf6
11. Bf4 e6 12. O-O-O Nd5 13. Bd2 Bd6 14. Ne4 Nf4 15. Bxf4 Bxf4+ 16. Kb1 O-O 17. g3 Bc7 18. Nfd2 b5 19. Nb3 Nf6 20. Nxf6+ Qxf6
21. f4 a5 22. Nc5 Rfd8 23. Qe4 Rd5 24. c3 b4 25. c4 Rdd8 26. d5 exd5 27. cxd5 cxd5 28. Rxd5 Rxd5 29. Qxd5 Rd8 30. Qe4 Qd4
31. Qxd4 Rxd4 32. Rc1 Bd6 33. Nb3 Rd5 34. Rc6 a4 35. Nc1 a3 36. bxa3 bxa3 37. Kc2 Kf8 38. Nd3 Ke7 39. g4 Kd7 40. Ra6 g6
41. hxg6 fxg6 42. Ne5+ Bxe5 43. fxe5 Rxe5 44. Rxg6 Re6 45. Rg7+ Kd6 46. Ra7 Re3 47. Ra6+ Ke5 48. Rxh6 Kf4 49. Rg6 Rg3 50. Rg8 Rxg4
51. Rf8+ Ke4 52. Rc8 Kd4 53. Kb3 Rg3+ 54. Kb4 Kd5 55. Rc5+ Kd6 56. Rc3 Rxc3 57. Kxc3 Kc5 58. Kb3=
1/2-1/2

[Event "Philidor "]
[Site "SchemingMind.com"]
[Date "2015.05.12"]
[Round "-"]
[White "emvarela"]
[Black "Scooter"]
[Result "1-0"]
[WhiteCountry "ARG"]
[BlackCountry "USA"]
[WhiteElo "1735"]
[WhiteRD "50"]
[BlackElo "1713"]
[BlackRD "49"]
[GameID "379689"]

1. e4 c6 2. d4 d5 3. exd5 cxd5 4. c4 Nf6 5. Nc3 Nc6 6. Nf3 Bg4 7. cxd5 Nxd5 8. Bb5 a6 9. Bxc6+ bxc6 10. Be3 e6
11. h3 Bxf3 12. Qxf3 Bb4 13. Bd2 O-O 14. Nxd5 Bxd2+ 15. Kxd2 cxd5 16. Rhc1 Qa5+ 17. Qc3 Qb6 18. Rc2 g6 19. Rac1 a5 20. Qc5 Qb4+
21. Qxb4 axb4 22. b3 Ra3 23. Rb2 Kg7 24. g4 Raa8 25. Rc5 Rfc8 26. Ke3 Rxc5 27. dxc5 Kf6 28. f4 Rc8 29. Kd4 g5 30. Rf2 gxf4
31. Rxf4+ Kg6 32. h4 f6 33. Rf2 f5 34. gxf5+ Kf6 35. fxe6+ Kxe6 36. Re2+ Kf5 37. Kxd5 Kg4 38. Re4+ Kf5 39. Rxb4 h5 40. c6 Rd8+
41. Kc5 Ra8 42. a4 Ke5 43. Rb7 Kf4 44. c7 Rc8 45. Kd6
1-0

[Event "Philidor "]
[Site "SchemingMind.com"]
[Date "2015.05.12"]
[Round "-"]
[White "Scooter"]
[Black "emvarela"]
[Result "1-0"]
[WhiteCountry "USA"]
[BlackCountry "ARG"]
[WhiteElo "1712"]
[WhiteRD "45"]
[BlackElo "1740"]
[BlackRD "48"]
[GameID "379690"]

1. d4 d5 2. Nf3 Nf6 3. Bf4 e6 4. e3 Bd6 5. Bxd6 Qxd6 6. c3 O-O 7. Nbd2 Nbd7 8. Be2 c5 9. O-O c4 10. Qc2 e5
11. dxe5 Nxe5 12. Nxe5 Qxe5 13. Nf3 Qe4 14. Qxe4 Nxe4 15. Rfd1 Be6 16. Nd2 Nxd2 17. Rxd2 b5 18. h3 Rad8 19. Bf3 Rd7 20. Rad1 Rfd8
21. Bg4 Bxg4 22. hxg4 f6 23. e4 Kf7 24. exd5 Rd6 25. f4 g6 26. Kf2 g5 27. f5 Re8 28. Re2 Re5 29. Rxe5 fxe5 30. Ke3 Kf6
31. Ke4 a5 32. Rh1
1-0

[Event "Philidor "]
[Site "SchemingMind.com"]
[Date "2015.05.15"]
[Round "-"]
[White "emvarela"]
[Black "kenneth m day"]
[Result "0-1"]
[WhiteCountry "ARG"]
[BlackCountry "USA"]
[WhiteElo "1722"]
[WhiteRD "46"]
[BlackElo "1685"]
[BlackRD "50"]
[GameID "379691"]

1. e4 e5 2. Nf3 Nc6 3. Bb5 f5 4. Bxc6 dxc6 5. Nc3 fxe4 6. Nxe4 Nf6 7. Nxf6+ Qxf6 8. d3 Bg4 9. h3 Bh5 10. Be3 O-O-O
11. O-O e4 12. Bg5 Qg6 13. Bxd8 exf3 14. g3 Kxd8 15. Kh2 Bd6 16. Qd2 Qf6 17. c3 g5 18. Rh1 g4 19. h4 Re8 20. Rae1 Qxh4+
21. Kg1 Rxe1+ 22. Qxe1 Qg5 23. Qe6 Qc1+ 24. Kh2 Qxb2 25. Qg8+ Be8 26. Qg5+ Be7 27. Qe3 Qxc3 28. Re1 Qf6 29. Qxa7 Qh6+ 30. Kg1 Qh3
31. Qb8+ Kd7 32. Rxe7+ Kxe7 33. Qxc7+ Bd7 34. Qe5+ Be6 35. Qc7+ Kf6 36. Qd8+ Ke5 37. Qg5+ Kd6 38. Qf4+ Kd7 39. Qd4+ Kc7 40. Qe5+ Kb6
41. Qd4+ c5 42. Qd8+ Kb5 43. Qe8+ Kb4 44. a3+ Kxa3 45. Qa8+ Kb2 46. Qxb7+ Bb3 47. Qg7+ Kc2
0-1

[Event "Philidor "]
[Site "SchemingMind.com"]
[Date "2015.05.15"]
[Round "-"]
[White "kenneth m day"]
[Black "emvarela"]
[Result "1-0"]
[WhiteCountry "USA"]
[BlackCountry "ARG"]
[WhiteElo "1630"]
[WhiteRD "54"]
[BlackElo "1741"]
[BlackRD "50"]
[GameID "379692"]

1. e4 e5 2. Nf3 Nc6 3. c3 d5 4. Qa4 f6 5. d3 dxe4 6. dxe4 Bd7 7. Be3 Nd4 8. Qd1 Nxf3+ 9. Qxf3 Bd6 10. Bc4 Ne7
11. Qh5+ Ng6 12. Nd2 Qe7 13. Nf3 a6 14. Nh4 O-O-O 15. Nxg6 hxg6 16. Qe2 Be6 17. O-O-O Bxc4 18. Qxc4 f5 19. g3 f4 20. gxf4 exf4
21. Ba7 f3 22. Rd3 Bf4+ 23. Kc2 Rxd3 24. Qxd3 Rd8 25. Qc4 Qd6 26. Qd5 Qxd5 27. exd5 Rxd5 28. Bd4 c5 29. Be3 Kd7 30. Bxf4 b5
31. Rd1 Rxd1 32. Kxd1 Ke6 33. Kd2 Kf5 34. Ke3 g5 35. Bd6 c4 36. Kxf3 g4+ 37. Kg2 g5 38. Kg3 a5 39. Bc7 a4 40. Ba5
1-0

[Event "Philidor "]
[Site "SchemingMind.com"]
[Date "2015.05.15"]
[Round "-"]
[White "emvarela"]
[Black "jerryface"]
[Result "1-0"]
[WhiteCountry "ARG"]
[BlackCountry "USA"]
[WhiteElo "1735"]
[WhiteRD "50"]
[BlackElo "1451"]
[BlackRD "70"]
[GameID "379693"]

1. e4 e5 2. Nf3 Nc6 3. d4 Nf6 4. Bc4 Nxe4 5. d5 Bb4+ 6. c3 Nxf2 7. Kxf2 Bc5+ 8. Be3 Bxe3+ 9. Kxe3 Na5 10. Qd3 O-O
11. Nbd2 Re8 12. Rhe1 d6 13. Kf2 Bg4 14. h3 Bxf3 15. Qxf3 Qg5 16. Ne4
1-0

[Event "Philidor "]
[Site "SchemingMind.com"]
[Date "2015.05.15"]
[Round "-"]
[White "jerryface"]
[Black "emvarela"]
[Result "0-1"]
[WhiteCountry "USA"]
[BlackCountry "ARG"]
[WhiteElo "1451"]
[WhiteRD "70"]
[BlackElo "1735"]
[BlackRD "50"]
[GameID "379694"]

1. e4 e5 2. Nf3 Nc6 3. c3 d5 4. exd5 Qxd5 5. Qb3 Qxb3 6. axb3 Bd6 7. Bc4 f6 8. Bxg8 Rxg8 9. O-O Be6 10. Re1 O-O-O
0-1

[Event "Philidor "]
[Site "SchemingMind.com"]
[Date "2015.05.22"]
[Round "-"]
[White "Kenny Elliott"]
[Black "fouche"]
[Result "1-0"]
[WhiteCountry "USA"]
[BlackCountry "COL"]
[WhiteElo "1600"]
[WhiteRD "75"]
[BlackElo "1542"]
[BlackRD "62"]
[GameID "380933"]

1. d4 e6 2. e4 d5 3. Nc3 Bb4 4. Bd2 dxe4 5. Qe2 Bxc3 6. Bxc3 Nf6 7. O-O-O O-O 8. f3 Nd5 9. Bd2 exf3 10. Qxf3 Nd7
11. Qg3 N7f6 12. Bh6 Ne8 13. Bd3 Qf6 14. Bg5
1-0

[Event "Philidor "]
[Site "SchemingMind.com"]
[Date "2015.05.22"]
[Round "-"]
[White "fouche"]
[Black "Kenny Elliott"]
[Result "1/2-1/2"]
[WhiteCountry "COL"]
[BlackCountry "USA"]
[WhiteElo "1613"]
[WhiteRD "65"]
[BlackElo "1610"]
[BlackRD "74"]
[GameID "380934"]

1. e4 c5 2. Nf3 d6 3. d4 Bg4 4. d5 Qb6 5. c4 Nf6 6. Nc3 Nbd7 7. Bd3 g6 8. O-O Bg7 9. Re1 O-O 10. h3 Bxf3
11. Qxf3 Ne5 12. Qd1 e6 13. f4 Nxd3 14. Qxd3 exd5 15. exd5 Rae8 16. Rxe8 Rxe8 17. b3 Re1+ 18. Kh2 Nxd5 19. Bb2 Nxf4 20. Qf3 Rxa1
21. Bxa1 Be5 22. Kg1 Qb4 23. Nd5 Nxd5 24. Bxe5 Qe1+ 25. Kh2 Qxe5+ 26. Kh1 Nf4 27. Qxb7 Qe1+ 28. Kh2 Qf2 29. a3 g5 30. b4 cxb4
31. axb4 h5 32. c5 dxc5 33. bxc5 Qxc5 34. h4 gxh4 35. Qb8+ Kg7 36. Qxf4 a5 37. Qxh4 Qe5+ 38. Kh1 Qf5 39. Qg3+ Qg6 40. Qc3+ f6
41. Qxa5 Kh6 42. Qd2+ Qg5 43. Qd6 h4 44. Qf8+ Kh5 45. Qf7+ Qg6 46. Qd5+ f5 47. Qf3+ Qg4 48. Qd3 Kg5 49. Qe3+ Qf4 50. Qe7+ Kg4
51. Qg7+ Qg5 52. Qd4+=
1/2-1/2

[Event "Philidor "]
[Site "SchemingMind.com"]
[Date "2015.05.26"]
[Round "-"]
[White "Kenny Elliott"]
[Black "emvarela"]
[Result "0-1"]
[WhiteCountry "USA"]
[BlackCountry "ARG"]
[WhiteElo "1610"]
[WhiteRD "74"]
[BlackElo "1735"]
[BlackRD "50"]
[GameID "380935"]

1. d4 Nf6 2. c4 e6 3. Bg5 h6 4. Bh4 Be7 5. Nf3 O-O 6. Bxf6 Bxf6 7. e4 d6 8. Be2 c5 9. e5 dxe5 10. dxe5 Qxd1+
11. Bxd1 Be7 12. O-O Nd7 13. Nc3 Nb6 14. Bc2 Nxc4 15. b3 Nb6 16. Be4 a6 17. a3 Rb8 18. Rad1 Bd7 19. a4 Bc6 20. Bxc6 bxc6
21. Rd3 Nd5 22. Nxd5 cxd5 23. Rfd1 Rb4 24. h3 Rfb8 25. Rb1 c4 26. Rd4 Rxb3 27. Rxb3 Rxb3 28. Rd1 Bb4 29. Kh2 Rb2 30. Nd4 Rd2
31. Rxd2 Bxd2 32. Nc6 c3 33. Nb4 d4 34. Kg1 a5 35. Nc2 d3 36. Nd4 c2 37. Nb3 c1=Q+ 38. Nxc1 Bxc1
0-1

[Event "Philidor "]
[Site "SchemingMind.com"]
[Date "2015.05.26"]
[Round "-"]
[White "emvarela"]
[Black "Kenny Elliott"]
[Result "1-0"]
[WhiteCountry "ARG"]
[BlackCountry "USA"]
[WhiteElo "1735"]
[WhiteRD "50"]
[BlackElo "1610"]
[BlackRD "74"]
[GameID "380936"]

1. e4 e5 2. Nf3 Nc6 3. Bb5 Nge7 4. O-O g6 5. c3 Bg7 6. d3 O-O 7. Bxc6 Nxc6 8. Be3 d6 9. d4 Bg4 10. d5 Ne7
11. h3 Bxf3 12. Qxf3 c6 13. dxc6 Nxc6 14. Nd2 Qd7 15. Rfd1 Qe6 16. Nb3 Nb4 17. cxb4 Rac8 18. Rd5 a6 19. Rad1 Rfd8 20. Bb6 Rd7
21. Nc5 dxc5 22. Rxd7 cxb4 23. Rd8+ Rxd8 24. Rxd8+ Bf8 25. Bc5 Qxa2 26. Bxf8 Kh8 27. Qf6+ Kg8 28. Qg7#
1-0

[Event "Philidor "]
[Site "SchemingMind.com"]
[Date "2015.05.21"]
[Round "-"]
[White "Kenny Elliott"]
[Black "Scooter"]
[Result "0-1"]
[WhiteCountry "USA"]
[BlackCountry "USA"]
[WhiteElo "1610"]
[WhiteRD "74"]
[BlackElo "1713"]
[BlackRD "49"]
[GameID "380937"]

1. d4 Nf6 2. c4 g6 3. Nc3 Bg7 4. Nf3 O-O 5. e4 d6 6. g3 Bg4 7. Bg2 Nbd7 8. O-O e5 9. Qd3 Bxf3 10. Bxf3 exd4
11. Qxd4 Re8 12. Bg5 Ne5 13. Bg2 Nc6 14. Qe3 Ne5 15. Nd5 Nxd5 16. cxd5 Bf6 17. Bxf6 Qxf6 18. Qc3 Rac8 19. f4 Nd7 20. Qb3 Nc5
21. Qc4 Qxb2 22. e5 b5 23. Qc1 Qd4+ 24. Kh1 Nd3 25. Qc6 Nf2+ 26. Rxf2 Qxf2 27. Qxb5 dxe5 28. Rf1 Qxa2 29. fxe5 Rxe5 30. Qc6 Re2
31. d6 Rxg2 32. Qxg2 Qxg2+ 33. Kxg2 cxd6 34. Ra1 Rc7 35. Ra6 Rd7 36. Kf3 d5 37. Ke3 d4+ 38. Kd3 f5 39. Rf6 Kg7 40. Rc6 g5
41. h3 h5 42. Ra6 h4 43. gxh4 gxh4 44. Re6 a5 45. Re5 Kg6 46. Rxa5 Kg5 47. Ra4 f4 48. Rxd4 Rxd4+ 49. Kxd4 Kf5 50. Kd3 Ke5
51. Ke2 Ke4 52. Kf2 f3 53. Kf1 Ke3
0-1

[Event "Philidor "]
[Site "SchemingMind.com"]
[Date "2015.05.21"]
[Round "-"]
[White "Scooter"]
[Black "Kenny Elliott"]
[Result "1/2-1/2"]
[WhiteCountry "USA"]
[BlackCountry "USA"]
[WhiteElo "1712"]
[WhiteRD "45"]
[BlackElo "1647"]
[BlackRD "73"]
[GameID "380938"]

1. d4 d5 2. Nf3 Nf6 3. Bf4 Bf5 4. e3 e6 5. Bd3 Bxd3 6. Qxd3 Be7 7. O-O O-O 8. Nbd2 Nbd7 9. c4 c6 10. c5 b6
11. b4 b5 12. Ne5 Nxe5 13. Bxe5 a5 14. a3 Nd7 15. Nf3 Nxe5 16. Nxe5 Qc7 17. Qe2 f6 18. Nd3 Ra7 19. Nf4 Qd7 20. Qg4 f5
21. Qg3 Rfa8 22. Rab1 axb4 23. axb4 Ra4 24. Nh5 g6 25. h3 Kf7 26. Nf4 Bf6 27. Nd3 Qe7 28. Ne5+ Bxe5 29. Qxe5 h5 30. Rfc1 Ra2
31. Qd6 Qh4 32. Rf1 R8a6 33. Qd7+ Qe7 34. Qxe7+ Kxe7 35. h4 Kf6 36. g3 Rd2 37. Rfd1 Re2 38. Ra1 Raa2 39. Rxa2 Rxa2 40. Rb1 Ra3
41. Kg2 Ra2 42. Kf3 Ra3 43. Rb2 Ra4 44. Kf4 Ra1 45. Kf3 Ra3=
1/2-1/2

[Event "Philidor "]
[Site "SchemingMind.com"]
[Date "2015.05.21"]
[Round "-"]
[White "Kenny Elliott"]
[Black "kenneth m day"]
[Result "1-0"]
[WhiteCountry "USA"]
[BlackCountry "USA"]
[WhiteElo "1647"]
[WhiteRD "73"]
[BlackElo "1692"]
[BlackRD "52"]
[GameID "380939"]

1. d4 d5 2. c4 Nc6 3. Nc3 Nf6 4. Nf3 Bg4 5. e3 dxc4 6. Bxc4 e6 7. O-O Bd6 8. Re1 Qd7 9. e4 O-O-O 10. Be3 Bb4
11. h3 Bh5 12. a3 Be7 13. g4 Bg6 14. d5 exd5 15. exd5 Na5 16. Bb5 Qd6 17. Qd4 b6 18. Ne5 Nxd5 19. Ba6+ Nb7 20. Nb5 Qe6
21. Nxa7+ Kb8 22. Nec6+ Ka8 23. Qa4 Nc5 24. Bxc5 Qd7 25. Bxe7 Nxe7 26. Rxe7 Qd6 27. Bc8
1-0

[Event "Philidor "]
[Site "SchemingMind.com"]
[Date "2015.05.22"]
[Round "-"]
[White "kenneth m day"]
[Black "Kenny Elliott"]
[Result "1-0"]
[WhiteCountry "USA"]
[BlackCountry "USA"]
[WhiteElo "1692"]
[WhiteRD "52"]
[BlackElo "1647"]
[BlackRD "73"]
[GameID "380940"]

1. e4 c5 2. d4 e6 3. Nf3 cxd4 4. Nxd4 Nf6 5. Nc3 Bb4 6. e5 Bxc3+ 7. bxc3 Nd5 8. Bd2 O-O 9. Bd3 Nc6 10. f4 d6
11. O-O Nxd4 12. cxd4 dxe5 13. fxe5 b6 14. c4 Nc7 15. Qh5 g6 16. Qh6 Kh8 17. Bg5 f6 18. Rxf6 Bb7 19. Bxg6 Qd7 20. Rxf8+
1-0

[Event "Philidor "]
[Site "SchemingMind.com"]
[Date "2015.05.22"]
[Round "-"]
[White "Kenny Elliott"]
[Black "jerryface"]
[Result "1-0"]
[WhiteCountry "USA"]
[BlackCountry "USA"]
[WhiteElo "1647"]
[WhiteRD "73"]
[BlackElo "1512"]
[BlackRD "72"]
[GameID "380941"]

1. d4 Nf6 2. c4 g6 3. Nf3 Bg7 4. g3 O-O 5. Bg2 b6 6. O-O Bb7 7. Nc3 d6 8. d5 Ne8 9. Bd2 a6 10. Qc2 Nd7
11. Rae1 e5 12. dxe6 fxe6 13. Ng5 Bxg2 14. Kxg2 Bxc3 15. Nxe6 Qf6 16. Nxf8 Nxf8 17. Bxc3 Qg5 18. Qe4 Rd8 19. Qd4 c5 20. Qe4 Nf6
21. Bxf6 Qxf6 22. Qc6 Qxb2 23. Qd5+ Kh8 24. e4 Qxa2 25. e5 Re8 26. exd6 Rd8 27. Re7 Qa4 28. Qe5+
1-0